| 000 | 00753cas a22002534i 4500 | ||
|---|---|---|---|
| 999 |
_c33939 _d33939 |
||
| 001 | 3256 | ||
| 003 | CO-MdFUSB | ||
| 005 | 20180901115119.0 | ||
| 008 | 180213t1960 enk||||| |||| 00| 0 eng d | ||
| 040 |
_aCO-MdFUSB _bspa _cCO-MdFUSB _dCO-MdFUSBC _erda |
||
| 041 | 0 | _aeng | |
| 082 | 0 | 4 |
_aG 226.8 _223 _bH9451i |
| 100 | 1 |
_aHunter, A. M. (Archibald Macbride) _eautor |
|
| 245 | 0 |
_aInterpreting the Parables _c / A. M. Hunter |
|
| 264 | 1 |
_aBloombury Street, Londres : _bSCM, _c℗[1960] |
|
| 264 | 4 | _a©1960 | |
| 300 |
_a126 páginas ; _c18 cm |
||
| 336 |
_2rdacontent _atexto _btxt |
||
| 337 |
_2rdamedia _asin mediación _bn |
||
| 338 |
_2rdacarrier _avolumen _bnc |
||
| 630 | 0 | 7 |
_aBiblia. _pNuevo Testamento |
| 653 | _aParábolas bíblicas | ||
| 942 | _cBK | ||